Impactos del modelo exportador en los trabajadores y el medio ambiente : (Record no. 110181)
[ view plain ]
| 000 -LEADER | |
|---|---|
| campo de control de longitud fija | 01498nam a2200181 4500 |
| 001 - NÚMERO DE CONTROL | |
| campo de control | 225 |
| 005 - FECHA Y HORA DE LA ÚLTIMA TRANSACCIÓN | |
| campo de control | 20230411085952.0 |
| 008 - DATOS DE LONGITUD FIJA--INFORMACIÓN GENERAL | |
| campo de control de longitud fija | 060907n19uu dr spa |
| 035 ## - NÚMERO DE CONTROL DEL SISTEMA | |
| -- | funglode226 |
| 041 ## - CÓDIGO DE IDIOMA | |
| Código de lengua del texto/banda sonora o título independiente | ES |
| 100 ## - ENTRADA PRINCIPAL--NOMBRE DE PERSONA | |
| Nombre de persona | Díaz A., Estrella |
| 245 1# - MENCIÓN DEL TÍTULO | |
| Título | Impactos del modelo exportador en los trabajadores y el medio ambiente : |
| Resto del título | Análisis de los sectores frutícola y pesquero / |
| Mención de responsabilidad, etc. | Estrella Díaz A |
| 260 ## - PUBLICACIÓN, DISTRIBUCIÓN, ETC. | |
| Lugar de publicación, distribución, etc. | [s.l.] : |
| Nombre del editor, distribuidor, etc. | Universidad ARCIS, |
| Fecha de publicación, distribución, etc. | [s.f.] |
| 300 ## - DESCRIPCIÓN FÍSICA | |
| Extensión | 80 p. |
| 504 ## - NOTA DE BIBLIOGRAFÍA, ETC. | |
| Nota de bibliografía, etc. | Bibliografía p. 67-70 |
| 520 ## - RESUMEN, ETC. | |
| Sumario, etc. | Principales cambios introducidos en el sector desde 1973, 1. -- Importancia y evolución económica del sector (Indicadores de crecimiento), 10. -- Impactos medioambientales producidos por la expansión frutícola, 13. -- Impactos de la expansión frutícola en las condiciones laborales de los trabajadores del sector, 20. -- La expansión frutícola y su relación con la seguridad alimantaria de la población, 27. -- Principales cambios introducidos en el sector desde 1973, 35. -- Especificidades productivas del sector pesquero, 37. -- Importancia y evolución del sector pesquero (Indicadores de crecimiento económico), 38. -- Impactos medioambientales producidos por la expansión del sector pesquero, 43. -- Impactos de la expansión pesquera en las condiciones laborales de los trabajadores del sector, 50. -- La lógica exportadora pesquera y el consumo nacional, 57. -- Conclusiones en torno a la sustentabilidad del modelo, 61. -- |
| 942 ## - ELEMENTOS DE ENTRADA SECUNDARIOS (KOHA) | |
| Fuente del sistema de clasificación o colocación | Clasificación de Library of Congress |
| Tipo de ítem Koha | |
| Estatus retirado | Estado de pérdida | Fuente del sistema de clasificación o colocación | Estado de daño | No para préstamo | Colección | Biblioteca de origen | Biblioteca actual | Ubicación en estantería | Fecha de adquisición | Código de barras | Visto por última vez | Copia número | Tipo de ítem Koha |
|---|---|---|---|---|---|---|---|---|---|---|---|---|---|
| Clasificación de Library of Congress | Automatización y Procesos Técnicos | Biblioteca Juan Bosch | Biblioteca Juan Bosch | Automatización y Procesos Técnicos (1er. Piso) | 17/02/2019 | 00020010226 | 17/02/2019 | 1 |
